都道府県代表駅の隣駅 - Statistics

General Stats
  • This quiz has been taken 188 times
    84 since last reset
  • The average score is 105 of 207
Answer Stats
代表駅 隣駅 % Correct
神田
84%
新大久保
84%
代々木
84%
品川
83%
東京 上野
81%
有楽町
81%
横浜 東神奈川
81%
浦和 北浦和
78%
南浦和
78%
新宿 大久保
78%
青森 新青森
77%
西千葉
77%
前橋 新前橋
75%
大手町
75%
桜木町
75%
郡山
73%
保土ケ谷
73%
金山
73%
白石蔵王
72%
水戸 勝田
72%
千葉 東千葉
72%
新日本橋
72%
静岡 新富士
72%
掛川
72%
東静岡
72%
岐阜羽島
72%
新大阪
72%
広島 東広島
72%
仙台 古川
70%
小山
70%
八丁堀
70%
名古屋 三河安城
70%
枇杷島
70%
山科
70%
博多 小倉
70%
札幌 桑園
69%
盛岡 いわて沼宮内
69%
あおば通
69%
本千葉
69%
西新宿
69%
尾頭橋
69%
新岩国
69%
鹿児島中央 鹿児島
69%
苗穂
67%
新花巻
67%
初台
67%
竜王
67%
長野 上田
67%
飯山
67%
新高岡
67%
小松
67%
新八代
67%
山形 北山形
66%
宇都宮 那須塩原
66%
新宿三丁目
66%
福井(福井) 芦原温泉
66%
西岐阜
66%
京都 米原
66%
福島
66%
岡山 相生
66%
新倉敷
66%
銀座
64%
南新宿
64%
新潟 燕三条
64%
富山 黒部宇奈月温泉
64%
越前たけふ
64%
大津 膳所
64%
新鳥栖
64%
長町
63%
兵庫
63%
熊本 新玉名
63%
鹿児島中央 川内
63%
雀宮
61%
都庁前
61%
東新潟
61%
神戸(兵庫) 元町
61%
南宮崎
61%
市役所前
59%
西金沢
59%
岐阜 木曽川
59%
安倍川
59%
長崎 諫早
59%
東仙台
58%
岡本
58%
西大路
58%
塚本
58%
南福島
56%
反町
56%
伏見
56%
天満
56%
赤塚
55%
新白島
55%
博多南
55%
神奈川
53%
太閤通
53%
ささしまライブ
53%
津新町
53%
大分 西大分
53%
仙北町
52%
東福島
52%
新高島
52%
北長野
52%
梅小路京都西
52%
東寺
52%
平沼橋
50%
金手
50%
東金沢
50%
八田
50%
国際センター
50%
上熊本
50%
越前花堂
48%
東福寺
48%
奈良 平城山
48%
西川原
48%
東水戸
47%
甲府 酒折
47%
西富山
47%
亀島
47%
九条
47%
吉塚
47%
浦上
47%
高島町
45%
安茂里
45%
徳島 佐古
45%
京終
44%
松江 東松江
44%
天神川
44%
上盛岡
42%
和歌山 紀和
42%
東照宮
41%
前橋大島
41%
宮崎 宮崎神宮
41%
筒井
39%
青山
39%
青葉通一番町
39%
秋田 泉外旭川
39%
鶴田
39%
湯田温泉
39%
上所
38%
一身田
38%
紀伊中ノ島
38%
北長瀬
38%
東比恵
38%
榴ケ岡
36%
四ツ小屋
36%
江戸橋
36%
五条
36%
竹下
36%
油川
34%
蔵王
34%
戸部
34%
越後石山
34%
新富山口
34%
呉羽
34%
前潟
33%
宮城野通
33%
三ツ沢下町
33%
新福井
33%
阿漕
33%
東一身田
33%
大元
33%
法界院
33%
高松(香川) 香西
33%
羽後牛島
31%
卸町
31%
森田
31%
長森
31%
常陸青柳
30%
櫛田神社前
30%
鍋島
30%
広瀬通
28%
笹木野
28%
祇園
28%
西熊本
28%
平成
28%
五橋
27%
昭和町
25%
高知 薊野
25%
栄町
23%
乃木
23%
矢賀
23%
佐賀 伊賀屋
23%
湖山
22%
山口(山口) 上山口
22%
郡元
22%
千葉公園
20%
宮前
20%
田井ノ瀬
20%
鳥取 福部
20%
松山(愛媛) 三津浜
20%
市坪
20%
曽根田
19%
津ノ井
19%
19%
阿波富田
17%
入明
16%
備前三門
14%
田中口
13%
広木
13%
古国府
9%
滝尾
9%
No matching quizzes found
Score Distribution
Percent of People with Each Score
Percentile by Number Answered
Your Score History
You have not taken this quiz since the last reset